Statistics for Most Dangerous Countries

Click here to take the quiz!

General Stats

  • This quiz has been taken 116 times
  • The average score is 12 of 20

Answer Stats

RankingCountry% Correct
4Iraq
92%
3Syria
89%
6Pakistan
87%
1Afghanistan
84%
9North Korea
84%
2Somalia
82%
5Sudan
77%
8Russia
74%
18Libya
70%
13Israel
68%
20South Sudan
67%
15Nigeria
63%
11Yemen
57%
17Ethiopia
56%
16Colombia
51%
14Zimbabwe
46%
7Democratic Republic Of The Congo
30%
19Burundi
29%
10Central African Republic
20%
12Cote D Ivoire
16%

Score Distribution

Percentile by Number Answered

Percent of People with Each Score

Your Score History

You have not taken this quiz